000 00324nam a22001337a 4500
008 170608b xxu||||| |||| 00| 0 eng d
020 _a9781597260640
041 _aeng
080 _a94
100 _a18
101 _aSHP
245 _aCATASTROPHE, CREATIVITY AND THE RENEWAL OF CIVILIZATION
_cDIXON,TH.H
942 _2udc
_cBK
999 _c16459
_d16459